Top 10 Złotej Piłki France Football 2014 - Statystyki

Ogólne statystyki
  • Ten quiz został rozwiązany 4 razy
  • Średni wynik to 9 z 10
Statystyki odpowiedzi
Miejsce Narodowość Klub Zawodnik % Poprawnych
10 Argentyna Real Madryt Ángel Di María
100%
4 Holandia Bayern Monachium Arjen Robben
100%
1 Portugalia Real Madryt Cristiano Ronaldo
100%
8 Kolumbia Real Madryt James Rodríguez
100%
2 Argentyna FC Barcelona Lionel Messi
100%
7 Brazylia FC Barcelona Neymar Jr.
100%
5 Niemcy Bayern Monachium Thomas Müller
100%
9 Niemcy Real Madryt Toni Kroos
100%
3 Niemcy Bayern Monachium Manuel Neuer
75%
6 Niemcy Bayern Monachium Philipp Lahm
50%
Nie znaleziono quizów pasujących do podanych kryteriów
Rozkład punktacji
Procent ludzi z każdym wynikiem
Percentyl według liczby udzielonych odpowiedzi
Twoja historia wyników
Nie rozwiązałeś tego quizu